| 000 | 00948nam a2200289 i 4500 | ||
|---|---|---|---|
| 003 | DO-SdBNP | ||
| 005 | 20260423103726.0 | ||
| 007 | ta | ||
| 008 | 260423b2001 dr ||||| |||| 00| 0 spa d | ||
| 040 |
_aDO-SdBNP _bspa _cBNPHU _erda |
||
| 041 | _aspa | ||
| 082 | 4 |
_a344.01 _bR426c 2001 _222 |
|
| 110 | 1 |
_aRepública Dominicana _9447 |
|
| 245 | 0 | 0 |
_aCódigo de trabajo y normas complementarias / _cpresentación, Milton Ray Guevara |
| 264 | 1 |
_aSanto Domingo : _bSecretaría de Estado de Trabajo, _c2001. |
|
| 300 |
_a550 páginas ; _c23 cm. |
||
| 336 |
_atexto _btxt _2rdacontent |
||
| 337 |
_asin mediación _bn _2rdamedia |
||
| 338 |
_avolumen _bnc _2rdacarrier |
||
| 500 | _aIncluye índices | ||
| 590 | _aInventariado, 2026/BT | ||
| 650 | 4 |
_aDerecho laboral _xLegislación _zRepública Dominicana _97806 |
|
| 650 | 4 |
_aDerecho al trabajo _916432 |
|
| 700 | 1 |
_aRay Guevara, Milton, _epresentación _97243 |
|
| 910 | _aBtavárez | ||
| 942 |
_2ddc _cLBS1 |
||
| 999 |
_c60608 _d60608 |
||